[Event "World Blitz Final"]
[Site "Astana KAZ"]
[Date "2012.07.09"]
[Round "12"]
[White "Morozevich, A."]
[Black "Chadaev, N."]
[Result "1-0"]
[WhiteElo "2770"]
[BlackElo "2580"]
[PlyCount "63"]
[EventDate "2012.07.01"]

1. d4 d5 2. c4 c6 3. Nf3 Nf6 4. Nc3 dxc4 5. a4 Bf5 6. e3 e6 7. Bxc4 Bb4 8. O-O
O-O 9. Nh4 Nbd7 10. h3 a5 11. Nxf5 exf5 12. Qf3 g6 13. g4 fxg4 14. hxg4 h5 15.
gxh5 Nxh5 16. e4 Qh4 17. Kg2 Qf6 18. Qg4 Qxd4 19. Qxg6+ Qg7 20. Qxg7+ Nxg7 21.
Ne2 Ne5 22. Bb3 Rfe8 23. Ng3 Rad8 24. Bg5 Rd6 25. Rad1 Rg6 26. f4 Ng4 27. Rd7
Ne6 28. Kh3 Nf6 29. Bxe6 Rxe6 30. Rd8+ Kh7 31. f5 Rxg5 32. fxe6 1-0

[Event "World Blitz Final"]
[Site "Astana KAZ"]
[Date "2012.07.09"]
[Round "12"]
[White "Topalov, V."]
[Black "Bologan, V."]
[Result "1-0"]
[WhiteElo "2752"]
[BlackElo "2732"]
[PlyCount "155"]
[EventDate "2012.07.01"]

1. e4 g6 2. d4 Bg7 3. Nf3 d6 4. Bc4 Nf6 5. Qe2 O-O 6. e5 dxe5 7. dxe5 Nd5 8. h3
Nb6 9. Bb3 Na6 10. O-O Nc5 11. Nc3 c6 12. Be3 Nxb3 13. axb3 Qc7 14. Bc5 Nd5 15.
Nxd5 cxd5 16. Bd4 Bf5 17. c3 a6 18. Qe3 h6 19. b4 g5 20. Rfe1 Rac8 21. Nd2 Bc2
22. f3 Qc6 23. Rac1 Qg6 24. Qf2 Bd3 25. Nb3 Rc7 26. Nc5 Bf5 27. Qg3 Be6 28. Ra1
Rfc8 29. Re2 Bf5 30. Kh2 e6 31. Qf2 Qh7 32. Qg3 Qg6 33. Rae1 h5 34. Rd2 Bh6 35.
Be3 Kg7 36. Nb3 Rc4 37. Nd4 Kg8 38. Ra1 h4 39. Qf2 Bg7 40. f4 Be4 41. Rg1 R4c7
42. g3 hxg3+ 43. Rxg3 Bh6 44. fxg5 Bg7 45. Bf4 Rc4 46. Rg1 Qh5 47. Qg3 Bg6 48.
Rf2 Rxd4 49. cxd4 Rc4 50. Be3 Rxb4 51. Rc1 Kh7 52. Qg4 Rb3 53. Qxh5+ Bxh5 54.
Rc3 Rb4 55. Kg3 a5 56. Kf4 a4 57. Rd2 Rb6 58. h4 Ra6 59. Rc7 b5 60. Rb7 a3 61.
bxa3 Rxa3 62. Rxb5 Ra1 63. Rb8 Rf1+ 64. Bf2 Rh1 65. Rdb2 Rh3 66. Bg3 Rh1 67.
Rb1 Bd1 68. Ke3 Kg6 69. Kf2 Kf5 70. Rc1 Kg4 71. Rbb1 Rh3 72. Rxd1 Rxg3 73. Rg1
Rxg1 74. Rxg1+ Kxh4 75. g6 f6 76. exf6 Bxf6 77. g7 Bxd4+ 78. Kf1 1-0

[Event "World Blitz Final"]
[Site "Astana KAZ"]
[Date "2012.07.09"]
[Round "12"]
[White "Le Quang Liem"]
[Black "Svidler, P."]
[Result "1-0"]
[WhiteElo "2693"]
[BlackElo "2749"]
[PlyCount "65"]
[EventDate "2012.07.01"]

1. d4 Nf6 2. c4 g6 3. Nc3 d5 4. cxd5 Nxd5 5. e4 Nxc3 6. bxc3 Bg7 7. Ba3 Nd7 8.
Bc4 c5 9. Qb3 O-O 10. Nf3 cxd4 11. cxd4 Nb6 12. Be2 Be6 13. Qb4 Rc8 14. O-O Bc4
15. Rfe1 Bxe2 16. Rxe2 Nc4 17. Rd1 Qd6 18. e5 Qd5 19. Bc1 Rc7 20. h4 Rfc8 21.
Bf4 e6 22. h5 a5 23. Qb3 b5 24. hxg6 fxg6 25. Ng5 h6 26. Ne4 g5 27. Bg3 Nb6 28.
Qe3 Rc2 29. Nf6+ Bxf6 30. exf6 Kf7 31. Be5 R8c3 32. Rxc2 Rxc2 33. Qd3 1-0

[Event "World Blitz Final"]
[Site "Astana KAZ"]
[Date "2012.07.09"]
[Round "12"]
[White "Grischuk, A."]
[Black "Ivanchuk, V."]
[Result "1-0"]
[WhiteElo "2763"]
[BlackElo "2769"]
[PlyCount "71"]
[EventDate "2012.07.01"]

1. e4 e5 2. Nf3 Nc6 3. Bb5 d6 4. O-O Bd7 5. c3 Nf6 6. Re1 Be7 7. d4 O-O 8. d5
Nb8 9. Bxd7 Nbxd7 10. c4 c6 11. Nc3 a6 12. Be3 cxd5 13. cxd5 Qa5 14. Nd2 Rfc8
15. a4 Bd8 16. Qb3 Ng4 17. Qxb7 Nc5 18. Bxc5 Qxc5 19. Re2 Rab8 20. Qxa6 Nxf2
21. Rxf2 Rxb2 22. Kh1 Qxc3 23. Raf1 Bf6 24. Nb1 Rxf2 25. Nxc3 Rxf1+ 26. Qxf1
Rxc3 27. g3 h5 28. Qb5 g6 29. a5 h4 30. gxh4 Bxh4 31. Qb8+ Kg7 32. Qxd6 Rc1+
33. Kg2 Ra1 34. Qxe5+ Bf6 35. Qc7 Re1 36. a6 1-0

[Event "World Blitz Final"]
[Site "Astana KAZ"]
[Date "2012.07.09"]
[Round "12"]
[White "Radjabov, T."]
[Black "Carlsen, M."]
[Result "0-1"]
[WhiteElo "2788"]
[BlackElo "2837"]
[PlyCount "56"]
[EventDate "2012.07.01"]

1. Nf3 c5 2. c4 Nf6 3. Nc3 e6 4. g3 b6 5. Bg2 Bb7 6. O-O a6 7. Re1 d6 8. e4 Be7
9. d4 cxd4 10. Nxd4 Qc7 11. b3 O-O 12. Bb2 Nbd7 13. Rc1 Rac8 14. Qe2 Rfe8 15.
h3 Bf8 16. g4 g6 17. f4 Qb8 18. Qf2 e5 19. Nde2 d5 20. fxe5 Bc5 21. Nd4 Nxe5
22. Na4 Nxe4 23. Rxe4 dxe4 24. Nxc5 bxc5 25. Ne2 Nf3+ 26. Bxf3 exf3 27. Ng3
Rcd8 28. Bc3 Rd3 0-1

[Event "World Blitz Final"]
[Site "Astana KAZ"]
[Date "2012.07.09"]
[Round "12"]
[White "Kotsur, P."]
[Black "Mamedyarov, S."]
[Result "0-1"]
[WhiteElo "2548"]
[BlackElo "2726"]
[PlyCount "70"]
[EventDate "2012.07.01"]

1. c4 g6 2. g3 Bg7 3. Bg2 e5 4. Nc3 Nc6 5. d3 Nf6 6. Nf3 O-O 7. O-O d6 8. Rb1
a5 9. a3 Re8 10. Nd2 Be6 11. b4 axb4 12. axb4 d5 13. b5 Ne7 14. cxd5 Nexd5 15.
Bb2 Qd7 16. Nce4 Nxe4 17. Nxe4 Qe7 18. Qc1 Ra5 19. Nc3 Rd8 20. Nxd5 Bxd5 21.
Bc3 Ra2 22. Rb2 Bxg2 23. Kxg2 Qe6 24. Rxa2 Qxa2 25. Bd2 Rd7 26. Kg1 h5 27. Re1
h4 28. gxh4 Qa4 29. b6 c6 30. Bg5 e4 31. dxe4 Qxe4 32. f3 Qe6 33. Kh1 Bd4 34.
h5 Bf2 35. hxg6 fxg6 0-1

[Event "World Blitz Final"]
[Site "Astana KAZ"]
[Date "2012.07.09"]
[Round "12"]
[White "Karjakin, Sergey"]
[Black "Jumabayev, R."]
[Result "1-0"]
[WhiteElo "2779"]
[BlackElo "2525"]
[PlyCount "85"]
[EventDate "2012.07.01"]

1. e4 e5 2. Nf3 Nc6 3. Bb5 Nf6 4. d3 Bc5 5. c3 O-O 6. h3 d6 7. Qe2 Bb6 8. Ba4
Ne7 9. Nbd2 Ng6 10. Nc4 h6 11. O-O Nh5 12. Kh2 Nhf4 13. Qd1 Qf6 14. Ng1 Be6 15.
Nxb6 axb6 16. Bc2 Bd7 17. g3 Ne6 18. Be3 Bc6 19. f4 exf4 20. gxf4 Nc5 21. Qg4
Bb5 22. Rfd1 Qh4 23. Nf3 Qxg4 24. hxg4 Rfe8 25. c4 Bd7 26. Kg3 Nf8 27. f5 f6
28. Nd2 Bc6 29. Kf4 b5 30. b4 Na4 31. Bb3 Nb2 32. cxb5+ Kh8 33. bxc6 bxc6 34.
Rdb1 Nxd3+ 35. Kg3 d5 36. Bc2 dxe4 37. Bxd3 exd3 38. Bf4 Re2 39. a4 Nd7 40. a5
Ra6 41. Rb3 Ne5 42. Bxe5 Rxd2 43. Bf4 1-0

[Event "World Blitz Final"]
[Site "Astana KAZ"]
[Date "2012.07.09"]
[Round "12"]
[White "Gelfand, B."]
[Black "Andreikin, D."]
[Result "0-1"]
[WhiteElo "2738"]
[BlackElo "2700"]
[PlyCount "98"]
[EventDate "2012.07.01"]

1. d4 Nf6 2. c4 c5 3. d5 b5 4. Qc2 bxc4 5. e4 d6 6. Bxc4 g6 7. Nc3 Bg7 8. Nf3
O-O 9. O-O Nfd7 10. Bg5 Ba6 11. b3 Nb6 12. Bxa6 Nxa6 13. Rac1 Qd7 14. Qe2 Nc7
15. Rfd1 a6 16. a4 Rab8 17. Nd2 f5 18. f3 fxe4 19. fxe4 e6 20. a5 Nc8 21. Qg4
Rf7 22. dxe6 Qxe6 23. Qxe6 Nxe6 24. Be3 Ne7 25. Nd5 Nxd5 26. exd5 Nd4 27. Bxd4
Bxd4+ 28. Kh1 Be3 29. h3 Rf2 30. Ne4 Bxc1 31. Nxf2 Bf4 32. Rd3 Rb5 33. Rf3 Be5
34. Ng4 Rxa5 35. Nxe5 dxe5 36. Re3 Rb5 37. Rxe5 Rxb3 38. Re8+ Kg7 39. Rc8 Rc3
40. d6 Rd3 41. Rc6 Kf6 42. Rxa6 Ke5 43. Rc6 Rd5 44. d7 Kd4 45. Rc7 c4 46. Kg1
c3 47. Kf2 Kd3 48. Kf3 c2 49. h4 Rd4 0-1

[Event "World Blitz Final"]
[Site "Astana KAZ"]
[Date "2012.07.09"]
[Round "13"]
[White "Jumabayev, R."]
[Black "Gelfand, B."]
[Result "1-0"]
[WhiteElo "2525"]
[BlackElo "2738"]
[PlyCount "73"]
[EventDate "2012.07.01"]

1. d4 d5 2. c4 c6 3. Nf3 Nf6 4. e3 Bg4 5. h3 Bh5 6. Nc3 e6 7. Qb3 Qc7 8. Bd2
Nbd7 9. Rc1 Bxf3 10. gxf3 Nb6 11. cxd5 Nbxd5 12. Bg2 Be7 13. O-O O-O 14. f4
Rac8 15. Ne2 g6 16. Rc2 Qb8 17. Nc1 c5 18. dxc5 Rxc5 19. Rxc5 Bxc5 20. Nd3 Bd6
21. Rc1 Be7 22. Bc3 Rc8 23. Bd4 Rxc1+ 24. Nxc1 a6 25. Nd3 Qc7 26. e4 Nb4 27.
Nxb4 Qc1+ 28. Bf1 Qxf4 29. Nc2 Bd6 30. Qg3 Qxg3+ 31. fxg3 Nxe4 32. g4 b5 33.
Bg2 Nd2 34. Kf2 Nc4 35. b3 e5 36. Bc3 Nb6 37. Bb7 1-0

[Event "World Blitz Final"]
[Site "Astana KAZ"]
[Date "2012.07.09"]
[Round "13"]
[White "Mamedyarov, S."]
[Black "Karjakin, Sergey"]
[Result "0-1"]
[WhiteElo "2726"]
[BlackElo "2779"]
[PlyCount "184"]
[EventDate "2012.07.01"]

1. Nf3 Nf6 2. c4 b6 3. Nc3 Bb7 4. d4 e6 5. a3 d5 6. Bg5 Be7 7. e3 O-O 8. cxd5
Nxd5 9. Bxe7 Qxe7 10. Rc1 Rc8 11. Nxd5 Bxd5 12. Bd3 Bb7 13. O-O Nd7 14. Qc2 h6
15. Be4 Bxe4 16. Qxe4 c5 17. Rc2 Nf6 18. Qd3 cxd4 19. Nxd4 Qd7 20. Rfc1 e5 21.
Rxc8+ Rxc8 22. Rxc8+ Qxc8 23. Ne2 Qe6 24. h3 Qa2 25. Qc2 Qa1+ 26. Kh2 Qe1 27.
Nc3 g6 28. Nb5 Qa5 29. Qc6 Kg7 30. Nd6 e4 31. Nc4 Qe1 32. Nd6 Qxf2 33. Qc3 Kg8
34. Qc8+ Kg7 35. Qc3 Kf8 36. Qc8+ Ke7 37. Nxe4 Nxe4 38. Qb7+ Kf6 39. Qxe4 Qxb2
40. Qf4+ Kg7 41. a4 a6 42. e4 Qd4 43. Qc7 b5 44. axb5 axb5 45. e5 Qc4 46. Qd6
Qf4+ 47. Kh1 b4 48. Qb6 Qc4 49. Qb7 b3 50. Kh2 Qf4+ 51. Kh1 Qc4 52. Kh2 g5 53.
Kh1 Kg6 54. Qb6+ Kf5 55. Qf2+ Kxe5 56. Qe3+ Kd5 57. Qd2+ Qd4 58. Qa5+ Kc4 59.
Qa4+ Kc3 60. Qa5+ Kc2 61. Qc7+ Kd1 62. Qxf7 b2 63. Qf5 Kc1 64. Qf1+ Kc2 65.
Qe2+ Kc3 66. Qe1+ Kb3 67. Kh2 Qf4+ 68. g3 Qd4 69. h4 gxh4 70. Kh3 hxg3 71. Qe6+
Qc4 72. Qe3+ Qc3 73. Qe6+ Kc2 74. Qe2+ Kb1 75. Qd1+ Ka2 76. Qa4+ Qa3 77. Qc4+
Ka1 78. Qd4 h5 79. Qe5 h4 80. Qd4 Qb3 81. Qa7+ Kb1 82. Qg1+ Kc2 83. Qg2+ Kc3
84. Qf3+ Kb4 85. Qf4+ Ka3 86. Qd6+ Qb4 87. Qd3+ Ka2 88. Qa6+ Qa3 89. Qe6+ Ka1
90. Qe5 Qa8 91. Qd4 g2 92. Qg1+ b1=Q 0-1

[Event "World Blitz Final"]
[Site "Astana KAZ"]
[Date "2012.07.09"]
[Round "13"]
[White "Carlsen, M."]
[Black "Kotsur, P."]
[Result "1-0"]
[WhiteElo "2837"]
[BlackElo "2548"]
[PlyCount "65"]
[EventDate "2012.07.01"]

1. e4 c5 2. Nf3 e6 3. g3 d5 4. exd5 exd5 5. d4 Nc6 6. Bg2 cxd4 7. Nxd4 Nf6 8.
O-O Be7 9. Nc3 O-O 10. Be3 h6 11. Re1 Re8 12. h3 Bb4 13. a3 Bxc3 14. bxc3 Na5
15. g4 Ne4 16. Qd3 b6 17. Bf4 Bb7 18. Nf5 Re6 19. f3 Nc5 20. Qd4 Qf8 21. Qf2
Nc4 22. Bf1 Rae8 23. Bxc4 dxc4 24. Bd6 Rxe1+ 25. Rxe1 Rxe1+ 26. Qxe1 Qd8 27.
Bxc5 bxc5 28. Qe5 Qd1+ 29. Kh2 Qd2+ 30. Kg3 Qg5 31. f4 Qf6 32. Qxf6 gxf6 33.
Nxh6+ 1-0

[Event "World Blitz Final"]
[Site "Astana KAZ"]
[Date "2012.07.09"]
[Round "13"]
[White "Svidler, P."]
[Black "Grischuk, A."]
[Result "1-0"]
[WhiteElo "2749"]
[BlackElo "2763"]
[PlyCount "67"]
[EventDate "2012.07.01"]

1. g3 d5 2. Bg2 e5 3. d3 c6 4. Nf3 Bd6 5. O-O Nf6 6. c4 dxc4 7. dxc4 O-O 8. Nc3
h6 9. Qc2 Qe7 10. Nh4 Qe6 11. b3 Na6 12. Rd1 Be7 13. Nf3 Bd7 14. a3 Rad8 15.
Be3 Bc5 16. Bxc5 Nxc5 17. b4 Na6 18. c5 Qe7 19. Ne4 Nc7 20. Nxf6+ Qxf6 21. Qb2
Rfe8 22. Nd2 Bf5 23. Nc4 Nb5 24. a4 Nd4 25. e3 Nc2 26. Rac1 Rxd1+ 27. Rxd1 Bg6
28. Nd6 Rd8 29. Rd2 a5 30. bxa5 Ra8 31. Nxb7 Qe7 32. Bxc6 Rc8 33. Bd5 Qf6 34.
Rxc2 1-0

[Event "World Blitz Final"]
[Site "Astana KAZ"]
[Date "2012.07.09"]
[Round "13"]
[White "Chadaev, N."]
[Black "Topalov, V."]
[Result "1-0"]
[WhiteElo "2580"]
[BlackElo "2752"]
[PlyCount "63"]
[EventDate "2012.07.01"]

1. e4 c5 2. Nf3 g6 3. d4 cxd4 4. Qxd4 Nf6 5. Nc3 Nc6 6. Qa4 d6 7. e5 dxe5 8.
Nxe5 Bd7 9. Nxd7 Qxd7 10. Be3 Bg7 11. Rd1 Qc8 12. Be2 O-O 13. O-O a6 14. Qh4 e6
15. Bg5 Ne8 16. Bf3 Qc7 17. Bxc6 Qxc6 18. Be7 Qb6 19. Bxf8 Bxf8 20. Rd7 Qc6 21.
Rd3 Nd6 22. Qd4 Nf5 23. Qd7 Qb6 24. b3 Be7 25. Na4 Qa7 26. g4 Rd8 27. Qc7 Rxd3
28. cxd3 Bd6 29. Qc8+ Kg7 30. gxf5 b5 31. Qc6 Qd4 32. Qc3 1-0

[Event "World Blitz Final"]
[Site "Astana KAZ"]
[Date "2012.07.09"]
[Round "14"]
[White "Morozevich, A."]
[Black "Topalov, V."]
[Result "1/2-1/2"]
[WhiteElo "2770"]
[BlackElo "2752"]
[PlyCount "112"]
[EventDate "2012.07.01"]

1. d4 Nf6 2. c4 g6 3. Nc3 Bg7 4. Bg5 O-O 5. e4 d6 6. Qd2 c5 7. d5 e6 8. Bd3
exd5 9. cxd5 Re8 10. Nge2 Nbd7 11. O-O a6 12. a4 Ne5 13. Bc2 Rb8 14. b3 b5 15.
axb5 axb5 16. f4 Ned7 17. e5 dxe5 18. f5 c4 19. b4 e4 20. Qf4 Qb6+ 21. Kh1 Bb7
22. fxg6 fxg6 23. Ra5 Rf8 24. Rxb5 Qa6 25. Qd2 Qd6 26. Ng3 Ne5 27. Bxf6 Rxf6
28. Rxf6 Qxf6 29. Ncxe4 Qa6 30. Ra5 Qb6 31. d6 Rd8 32. h3 Nd3 33. Bxd3 cxd3 34.
Qxd3 Qxb4 35. Rb5 Qe1+ 36. Kh2 Bxe4 37. Nxe4 Kh8 38. Qd5 Qe3 39. Rb3 Qf4+ 40.
g3 Qf5 41. Qxf5 gxf5 42. Nc5 Kg8 43. Rd3 Bf8 44. Rd5 Rxd6 45. Rxf5 Rd2+ 46. Kg1
Bxc5+ 47. Rxc5 Kg7 48. Rf5 Kg6 49. Rf2 Rd3 50. Kg2 h5 51. h4 Rc3 52. Rf3 Rc2+
53. Kh3 Ra2 54. Rb3 Rc2 55. Rb6+ Kg7 56. Rb5 Kg6 1/2-1/2

[Event "World Blitz Final"]
[Site "Astana KAZ"]
[Date "2012.07.09"]
[Round "14"]
[White "Le Quang Liem"]
[Black "Chadaev, N."]
[Result "0-1"]
[WhiteElo "2693"]
[BlackElo "2580"]
[PlyCount "126"]
[EventDate "2012.07.01"]

1. d4 Nf6 2. c4 g6 3. g3 Bg7 4. Bg2 O-O 5. Nc3 d6 6. Nf3 Nc6 7. O-O Bd7 8. h3
Qc8 9. Kh2 e5 10. d5 Nd4 11. e3 Nxf3+ 12. Qxf3 Ne8 13. e4 f5 14. exf5 gxf5 15.
Qe2 Nf6 16. f4 Qe8 17. Bd2 Qg6 18. Rae1 Rae8 19. Qf2 b6 20. Bf3 Kh8 21. Re2 Rg8
22. Rfe1 e4 23. Bg2 Nh5 24. Rg1 Qxg3+ 25. Qxg3 Nxg3 26. Ree1 Bd4 27. Be3 Bxe3
28. Rxe3 Nh5 29. Ne2 Rg7 30. Rf1 Reg8 31. Rf2 a5 32. Bf1 h6 33. b3 Kh7 34. a4
Rg6 35. Rc3 R6g7 36. Re3 Rg6 37. Rc3 R8g7 38. Re3 Kg8 39. Rc3 Kf8 40. Re3 Ke7
41. Rc3 Nf6 42. Nd4 Nh5 43. Be2 Nf6 44. Re3 h5 45. Bd1 h4 46. Be2 Rg3 47. Nc2
Bc8 48. Bd1 Nd7 49. Rfe2 Nc5 50. Nd4 Nd3 51. Nc6+ Kf6 52. Rxg3 hxg3+ 53. Kg1
Nxf4 54. Re3 Nxh3+ 55. Kg2 Nf4+ 56. Kg1 Nh3+ 57. Kg2 Ng5 58. Rxg3 f4 59. Rc3
Nf3+ 60. Kf2 Ne5 61. Nd4 e3+ 62. Ke1 Rg1+ 63. Ke2 Bg4+ 0-1

[Event "World Blitz Final"]
[Site "Astana KAZ"]
[Date "2012.07.09"]
[Round "14"]
[White "Grischuk, A."]
[Black "Bologan, V."]
[Result "1-0"]
[WhiteElo "2763"]
[BlackElo "2732"]
[PlyCount "99"]
[EventDate "2012.07.01"]

1. e4 g6 2. d4 Bg7 3. Nc3 c6 4. Be3 Qb6 5. a3 Nf6 6. h3 d6 7. Nf3 O-O 8. Bd3
Qc7 9. O-O e5 10. Re1 Nbd7 11. a4 b6 12. dxe5 dxe5 13. Bc4 a6 14. Qe2 Bb7 15.
Ba2 b5 16. axb5 cxb5 17. Nd2 b4 18. Nd5 Bxd5 19. exd5 Qxc2 20. Bb3 Qc8 21. Rec1
Qb7 22. Rc6 a5 23. Qc4 e4 24. Bd4 Rfe8 25. d6 Rf8 26. Ba4 Qb8 27. Re1 Qd8 28.
Nxe4 Nxe4 29. Rxe4 Bxd4 30. Qxd4 Qf6 31. Rc7 Qxd4 32. Rxd4 Nb6 33. Bc6 Rac8 34.
b3 Kg7 35. Bb7 Rb8 36. g3 Rfd8 37. Kg2 a4 38. Rxb4 Rxd6 39. bxa4 Nd5 40. Rxf7+
Kxf7 41. Bxd5+ Rxd5 42. Rxb8 h5 43. Ra8 Rd3 44. a5 Ra3 45. a6 g5 46. a7 Kg7 47.
f4 h4 48. f5 Rxg3+ 49. Kh2 Ra3 50. f6+ 1-0

[Event "World Blitz Final"]
[Site "Astana KAZ"]
[Date "2012.07.09"]
[Round "14"]
[White "Radjabov, T."]
[Black "Svidler, P."]
[Result "1-0"]
[WhiteElo "2788"]
[BlackElo "2749"]
[PlyCount "65"]
[EventDate "2012.07.01"]

1. Nf3 g6 2. e4 d6 3. d4 Nf6 4. Nc3 Bg7 5. Be2 O-O 6. O-O a6 7. a4 b6 8. e5
dxe5 9. dxe5 Ng4 10. h3 Nxe5 11. Nxe5 Bxe5 12. Bh6 Bg7 13. Qc1 Bb7 14. Rd1 Qc8
15. a5 Nd7 16. Bg4 e6 17. Qe3 b5 18. Bxg7 Kxg7 19. Qd4+ Nf6 20. Qe5 c5 21. Rd6
Qc7 22. Bf3 Rfd8 23. Bxb7 Rxd6 24. Rf1 Qxb7 25. Qxd6 b4 26. Na4 c4 27. Nb6 Re8
28. Qxb4 Rc8 29. Qc3 Rc5 30. Rd1 e5 31. b4 Ne4 32. Qe3 Rb5 33. c3 1-0

[Event "World Blitz Final"]
[Site "Astana KAZ"]
[Date "2012.07.09"]
[Round "14"]
[White "Karjakin, Sergey"]
[Black "Carlsen, M."]
[Result "0-1"]
[WhiteElo "2779"]
[BlackElo "2837"]
[PlyCount "94"]
[EventDate "2012.07.01"]

1. e4 e5 2. Nf3 Nc6 3. Bb5 Nf6 4. O-O Nxe4 5. d4 Nd6 6. Bxc6 dxc6 7. dxe5 Nf5
8. Qxd8+ Kxd8 9. Nc3 h6 10. Rd1+ Ke8 11. h3 a6 12. Bf4 Bd7 13. Rd3 Ne7 14. Rad1
Be6 15. Nd4 Bc4 16. R3d2 c5 17. Nb3 b6 18. e6 fxe6 19. Bxc7 Nd5 20. Nxd5 Bxd5
21. Bxb6 c4 22. Nc1 c3 23. bxc3 Rc8 24. Ba5 Be7 25. Nb3 Bf6 26. Bb4 Kf7 27. Rd3
Rc7 28. Na5 Rhc8 29. c4 Bxc4 30. Rd7+ Rxd7 31. Rxd7+ Ke8 32. Rd6 Bxa2 33. Rxa6
Rxc2 34. Rc6 Rb2 35. Ba3 Rb1+ 36. Rc1 Rxc1+ 37. Bxc1 Bd5 38. Be3 Kd7 39. Kf1
Kc7 40. Bd2 Kb6 41. f3 Kb5 42. Ke2 Bd8 43. Bc3 g6 44. Ke3 Bxa5 45. Bg7 h5 46.
g4 Bc7 47. f4 Kc4 0-1

[Event "World Blitz Final"]
[Site "Astana KAZ"]
[Date "2012.07.09"]
[Round "14"]
[White "Andreikin, D."]
[Black "Jumabayev, R."]
[Result "0-1"]
[WhiteElo "2700"]
[BlackElo "2525"]
[PlyCount "68"]
[EventDate "2012.07.01"]

1. c4 Nf6 2. Nc3 e6 3. e4 d5 4. e5 d4 5. exf6 dxc3 6. bxc3 Qxf6 7. Nf3 e5 8.
Qe2 Nc6 9. d4 Bg4 10. d5 Bxf3 11. gxf3 Ne7 12. Qe4 Ng6 13. Rg1 Bc5 14. Bd3 O-O
15. Rb1 Qa6 16. Qf5 Qxa2 17. Rb2 Qa5 18. Rc2 Rae8 19. Be4 f6 20. Qh5 f5 21.
Bxf5 e4 22. fxe4 Rf6 23. Kf1 Qa4 24. Bxg6 hxg6 25. Rxg6 Ref8 26. Rxf6 Rxf6 27.
e5 Qxc2 28. Qe8+ Rf8 29. Qe6+ Kh8 30. Qh3+ Qh7 31. Qxh7+ Kxh7 32. f4 g5 33. Ke2
gxf4 34. Kf3 a5 0-1

[Event "World Blitz Final"]
[Site "Astana KAZ"]
[Date "2012.07.09"]
[Round "15"]
[White "Jumabayev, R."]
[Black "Morozevich, A."]
[Result "1-0"]
[WhiteElo "2525"]
[BlackElo "2770"]
[PlyCount "119"]
[EventDate "2012.07.01"]

1. Nf3 d5 2. d4 Nf6 3. c4 c6 4. e3 a6 5. Nc3 b5 6. b3 Bg4 7. Be2 e6 8. O-O Bd6
9. h3 Bh5 10. Bb2 O-O 11. Rc1 Nbd7 12. Ne5 Bxe2 13. Nxe2 Rc8 14. Nd3 Bb8 15.
Nef4 dxc4 16. bxc4 Nb6 17. cxb5 cxb5 18. Ba3 Re8 19. Bc5 Na4 20. Nh5 Nxh5 21.
Qxh5 e5 22. Rfd1 g6 23. Qg4 e4 24. Ne1 h5 25. Qe2 Qc7 26. f4 exf3 27. Nxf3 Qd7
28. Bb4 Rxc1 29. Rxc1 Nb6 30. e4 Nc4 31. e5 Ba7 32. Kh1 Rd8 33. Rd1 Qe6 34. Be1
Bb6 35. Bh4 Rd5 36. Bf6 Bd8 37. Ng5 Qe8 38. Ne4 Qe6 39. Qf2 Qf5 40. Qe2 Bb6 41.
Rf1 Qc8 42. Ng5 Bxd4 43. Qe4 Qc5 44. e6 Rxg5 45. exf7+ Kxf7 46. Bxd4+ Rf5 47.
Bxc5 Rxf1+ 48. Kh2 Rf5 49. Bd4 Nd6 50. Qc6 Ke6 51. Qxa6 Rd5 52. Bc3 Kf5 53. Qc6
Rd3 54. Bb4 Ne4 55. Qc2 Rd4 56. Be1 g5 57. Qe2 g4 58. Qxb5+ Kf4 59. hxg4 hxg4
60. Bg3+ 1-0

[Event "World Blitz Final"]
[Site "Astana KAZ"]
[Date "2012.07.09"]
[Round "15"]
[White "Mamedyarov, S."]
[Black "Andreikin, D."]
[Result "1/2-1/2"]
[WhiteElo "2726"]
[BlackElo "2700"]
[PlyCount "210"]
[EventDate "2012.07.01"]

1. g3 d5 2. Bg2 Nf6 3. Nf3 c6 4. O-O Bg4 5. d4 Nbd7 6. Nbd2 e6 7. Re1 Bf5 8.
Nh4 Bg6 9. Nxg6 hxg6 10. e4 dxe4 11. Nxe4 Nxe4 12. Bxe4 Nf6 13. Bg2 Be7 14. c3
Qb6 15. h4 Rd8 16. b4 a6 17. Qe2 O-O 18. Bf3 Qb5 19. a4 Qxe2 20. Rxe2 Nd5 21.
Bd2 b5 22. axb5 axb5 23. Ra6 Rc8 24. Re1 Rc7 25. Bxd5 cxd5 26. Rb6 Ra8 27. Rd1
Ra2 28. Rxb5 Kh7 29. Kf1 g5 30. hxg5 Kg6 31. Ra5 Rb2 32. Ra3 Bxg5 33. Bxg5 Kxg5
34. Rd3 Kf5 35. Kg2 g5 36. Rf3+ Kg6 37. Re3 Rc8 38. g4 Rc7 39. Rf3 Kg7 40. Rh3
Rb1 41. Re3 Rb2 42. Rf3 Rb1 43. Rd3 Rb2 44. Rh3 Rb1 45. Rf3 Rb2 46. Ra5 Rc2 47.
Rc5 Ra7 48. b5 Rb2 49. c4 dxc4 50. Rxg5+ Kf8 51. Rc5 Rd7 52. Rf4 c3 53. Rxc3
Rxb5 54. Re3 Rbd5 55. Ree4 Kg7 56. Kg3 Rd8 57. Kf3 Ra8 58. Re3 Rad8 59. Ree4
Ra8 60. Re1 Rad8 61. Ree4 Ra8 62. Kg3 Ra3+ 63. Rf3 Ra4 64. Ref4 Ra7 65. Rc3
Rad7 66. Rc4 Kg6 67. Kf3 Kg7 68. Ke3 Ra5 69. Rc3 Ra6 70. Re4 Ra1 71. Rc5 Re1+
72. Kf3 Rd1 73. Ke3 Re1+ 74. Kf3 Rd1 75. Rc4 Rd3+ 76. Ke2 Ra3 77. Re3 Ra2+ 78.
Kf3 Rd2 79. Re4 Rd3+ 80. Kf4 Ra3 81. Re3 Ra5 82. f3 Rad5 83. Ke4 Ra5 84. f4 Ra1
85. Rc5 Rd1 86. Rd3 Re1+ 87. Kf3 Rf1+ 88. Ke3 Re1+ 89. Kf3 Rf1+ 90. Ke4 Re1+
91. Re3 Rd1 92. Rc4 Rg1 93. Kf3 Rd1 94. Re4 Rd3+ 95. Kf2 Ra7 96. Re3 Rd1 97. f5
exf5 98. gxf5 Rd7 99. Re4 Kf6 100. Ke2 Ra1 101. Rf4 Ra2+ 102. Kd3 Ra3+ 103. Ke4
Ra6 104. Rc5 Rd8 105. Rh4 Kg5 1/2-1/2

[Event "World Blitz Final"]
[Site "Astana KAZ"]
[Date "2012.07.09"]
[Round "15"]
[White "Carlsen, M."]
[Black "Gelfand, B."]
[Result "1/2-1/2"]
[WhiteElo "2837"]
[BlackElo "2738"]
[PlyCount "78"]
[EventDate "2012.07.01"]

1. e4 c5 2. Nf3 d6 3. d4 cxd4 4. Qxd4 a6 5. c4 Nc6 6. Qe3 Bg4 7. Be2 g6 8. O-O
Bg7 9. Nc3 Nf6 10. h3 Bxf3 11. Bxf3 Nd7 12. Rd1 O-O 13. Be2 Qa5 14. Nd5 Qc5 15.
Rb1 e6 16. Nc3 Rac8 17. Bf1 Na5 18. Qxc5 Nxc5 19. Bd2 Nc6 20. f3 Rfd8 21. Be1
Ne5 22. b3 Kf8 23. Rbc1 Ke7 24. Bh4+ Bf6 25. Bf2 g5 26. Rc2 Ng6 27. Ne2 h5 28.
Be3 h4 29. Rcd2 Ne5 30. Nd4 Ng6 31. Nc2 Nf4 32. Rb1 Bc3 33. Rdd1 Be5 34. Bf2
Ng6 35. Be3 Bf4 36. Bf2 Bg3 37. Be3 Bf4 38. Bf2 Bg3 39. Be3 Bf4 1/2-1/2

[Event "World Blitz Final"]
[Site "Astana KAZ"]
[Date "2012.07.09"]
[Round "15"]
[White "Svidler, P."]
[Black "Kotsur, P."]
[Result "1-0"]
[WhiteElo "2749"]
[BlackElo "2548"]
[PlyCount "73"]
[EventDate "2012.07.01"]

1. c4 c5 2. g3 Nc6 3. Bg2 g6 4. Nc3 Bg7 5. Nf3 e5 6. a3 d6 7. O-O Nge7 8. b4 f5
9. bxc5 dxc5 10. Bb2 e4 11. Ne1 O-O 12. d3 exd3 13. Nxd3 Be6 14. Nd5 Bxb2 15.
Nxb2 Rc8 16. e3 Ne5 17. Qc2 Bxd5 18. cxd5 b5 19. a4 b4 20. f4 Nf7 21. e4 fxe4
22. Nc4 Qxd5 23. Rad1 Qe6 24. Bxe4 Rcd8 25. a5 Rxd1 26. Rxd1 Rd8 27. Rxd8+ Nxd8
28. Ne5 Qd6 29. Qc4+ Ne6 30. Kg2 Kg7 31. Qb5 Qd4 32. Qb7 Kf6 33. Bf3 h5 34.
Qxa7 Nxf4+ 35. gxf4 Qd2+ 36. Kh3 Qxf4 37. Qxe7+ 1-0

[Event "World Blitz Final"]
[Site "Astana KAZ"]
[Date "2012.07.09"]
[Round "15"]
[White "Topalov, V."]
[Black "Le Quang Liem"]
[Result "0-1"]
[WhiteElo "2752"]
[BlackElo "2693"]
[PlyCount "162"]
[EventDate "2012.07.01"]

1. Nf3 Nf6 2. c4 g6 3. g3 Bg7 4. Bg2 c6 5. O-O O-O 6. b3 Ne4 7. d4 d5 8. Bb2
Bf5 9. e3 Nd7 10. Qe2 a5 11. Nc3 Nxc3 12. Bxc3 Be4 13. Rfc1 e6 14. a4 Re8 15.
Bf1 Bxf3 16. Qxf3 Nf6 17. Qe2 Bf8 18. Bg2 Qb6 19. Rab1 Qc7 20. Qe1 Bd6 21. Rc2
Qd8 22. Bf3 Bf8 23. Kg2 h5 24. h3 Bd6 25. Re2 Qc7 26. Qd2 Bf8 27. Qc2 Bg7 28.
Rbe1 Qd7 29. Rb1 Bf8 30. Ree1 Qc7 31. Qd2 Red8 32. Qc2 Be7 33. Red1 Bf8 34. Be1
Bg7 35. b4 axb4 36. Rxb4 Bf8 37. Rbb1 Ra7 38. a5 Be7 39. Rb3 Rd7 40. Rdb1 Qc8
41. R1b2 Bd8 42. Ra2 Qa8 43. Rba3 Be7 44. Ra4 Ne8 45. Be2 Nc7 46. Qb1 Bd8 47.
Rb4 Na6 48. Rb3 Nb8 49. Rab2 Kg7 50. h4 Bf6 51. Bb4 Be7 52. Be1 Bd8 53. c5 Bf6
54. Bd3 e5 55. dxe5 Bxe5 56. Ra2 Na6 57. Rc2 Bf6 58. Bxa6 Rxa6 59. Qd1 Qe8 60.
Qd3 Ra7 61. Rc1 Qe7 62. Kg1 d4 63. e4 Qe6 64. Rcb1 Be7 65. Bb4 Ra8 66. Kg2 Re8
67. Bd2 Bxc5 68. Rxb7 Ree7 69. a6 Ba7 70. Rxd7 Rxd7 71. Rb7 c5 72. Qb5 Qxe4+
73. Kh2 Rxb7 74. Qxb7 Qxb7 75. axb7 c4 76. Kg2 c3 77. Be1 Kf6 78. Kf3 Ke5 79.
Ke2 Kd5 80. Kd3 Kc6 81. f3 Kxb7 0-1